000 00233nam a2200097Ia 4500
001 691002
005 20250826161827.0
008 250824s9999 xx 000 0 und d
245 0 _aELFİDA
_cONUR KAPLAN
260 _bHAYY KİTAP YAYINLARI
999 _c691002
_d691002